000 00597nam a2200205Ii 4500
003 JO-AjNU
008 230605s9999||||xx |||||||||||||| ||und||
017 _a665
040 _aJO-AjNU
_bara
_erda
_cJO-AjNU
041 _aara
050 1 4 _aSD.A2288 1981
100 3 _aجبر، عبدالمهدي,
_eauthor
_937536
245 0 0 _aعلم سياسة الغابات
264 3 1 _aالموصل:جامعة الموصل ، 1981
300 _a220ص
336 _atext
_btxt
_2rdacontent
337 _aunmediated
_bn
_2rdamedia
338 _avolume
_bnc
_2rdacarrier
650 4 _aالغابات
_937537
999 _aA15692
_c19260
_d19260